Изнашивание магнетронных покрытий на основе системы Cu-Mo-S в условиях приложения электрического тока; Иерархические материалы: разработка и приложения для новых технологий и надежных конструкций

Detaylı Bibliyografya
Parent link:Иерархические материалы: разработка и приложения для новых технологий и надежных конструкций.— 2019.— [С. 464]
Yazar: Жарков С. Ю.
Müşterek Yazar: Национальный исследовательский Томский политехнический университет Инженерная школа новых производственных технологий Отделение материаловедения
Diğer Yazarlar: Сергеев В. П. Виктор Петрович, Калашников М. П. Марк Петрович
Özet:Заглавие с экрана
Режим доступа: по договору с организацией-держателем ресурса
Dil:Rusça
Baskı/Yayın Bilgisi: 2019
Seri Bilgileri:Деградация тонких пленок и многослойных покрытий как иерархически организованных структур
Konular:
Online Erişim:http://www.ispms.ru/files/Conference/2019/Sbornik_2019.pdf#page=465
Materyal Türü: MixedMaterials Elektronik Kitap Bölümü
KOHA link:https://koha.lib.tpu.ru/cgi-bin/koha/opac-detail.pl?biblionumber=661136

MARC

LEADER 00000nla2a2200000 4500
001 661136
005 20260421131743.0
035 |a (RuTPU)RU\TPU\network\31383 
035 |a RU\TPU\network\31381 
090 |a 661136 
100 |a 20191121a2019 k y0rusy50 ca 
101 0 |a rus 
102 |a RU 
105 |a y z 100zy 
135 |a drgn ---uucaa 
181 0 |a i  
182 0 |a b 
200 1 |a Изнашивание магнетронных покрытий на основе системы Cu-Mo-S в условиях приложения электрического тока  |f С. Ю. Жарков, В. П. Сергеев, М. П. Калашников 
203 |a Текст  |c электронный 
225 1 |a Деградация тонких пленок и многослойных покрытий как иерархически организованных структур 
300 |a Заглавие с экрана 
333 |a Режим доступа: по договору с организацией-держателем ресурса 
463 0 |0 (RuTPU)RU\TPU\network\31158  |t Иерархические материалы: разработка и приложения для новых технологий и надежных конструкций  |o международный междисциплинарный симпозиум, 1-5 октября 2019 г., Томск, Россия  |o тезисы докладов International Workshop "Multiscale Biomechanics and Tribology of Inorganic and Organic Systems"  |o тезисы докладов международной конференции "Перспективные материалы с иерархической структурой для новых технологий и надежных конструкций"  |o тезисы докладов международной конференции "Химия нефти и газа: добыча, подготовка, транспорт нефти и газа"  |f Российская академия наук (РАН), Сибирское отделение (СО), Институт физики прочности и материаловедения (ИФПМ) ; Институт химии нефти (ИХН)  |v [С. 464]  |d 2019 
610 1 |a электронный ресурс 
610 1 |a труды учёных ТПУ 
610 1 |a магнетронные покрытия 
610 1 |a электрические токи 
610 1 |a сроки эксплуатации 
610 1 |a вращения 
610 1 |a твердосмазочные покрытия 
610 1 |a триботехнические свойства 
610 1 |a нанокомпозитные покрытия 
610 1 |a изнашивание 
610 1 |a пары трения 
700 1 |a Жарков  |b С. Ю. 
701 1 |a Сергеев  |b В. П.  |c специалист в области материаловедения  |c профессор Томского политехнического университета, доктор технических наук  |f 1949-  |g Виктор Петрович  |3 (RuTPU)RU\TPU\pers\25827  |9 11700 
701 1 |a Калашников  |b М. П.  |c физик  |c инженер Томского политехнического университета  |g Марк Петрович  |3 (RuTPU)RU\TPU\pers\31797  |9 15908 
712 0 2 |a Национальный исследовательский Томский политехнический университет  |b Инженерная школа новых производственных технологий  |b Отделение материаловедения  |3 (RuTPU)RU\TPU\col\23508 
801 2 |a RU  |b 63413507  |c 20191126  |g RCR 
856 4 |u http://www.ispms.ru/files/Conference/2019/Sbornik_2019.pdf#page=465 
942 |c CF